| 000 | 01171nac a22002891u 4500 | ||
|---|---|---|---|
| 010 | _a 95008486 | ||
| 020 | _a0415910080 (alk. paper) | ||
| 020 | _a0415910099 (pbk. : alk. paper) | ||
| 082 | 0 | 0 |
_a306.89082 _bKUR |
| 090 |
_c9511 _d9511 |
||
| 100 | _aKurz, Demie. | ||
| 245 | 1 | 0 |
_aFor richer, for poorer : _bmothers confront divorce / _cDemie Kurz. |
| 260 |
_aNew York : _bRoutledge,c.1995. _cc.1995. |
||
| 300 |
_aix, 288 p. : _bill. ; _c23 cm. |
||
| 490 | 1 | _aPerspectives on gender | |
| 500 | _aDistributer: Al-Ahram. | ||
| 504 | _aIncludes bibliographical references (p. 267-282) and index. | ||
| 511 | _aCatalogued By: Mahitab. | ||
| 650 | 0 |
_aDivorced women _zUnited States _xPsychology. |
|
| 650 | 0 |
_aDivorced women _zUnited States _xSocial conditions. |
|
| 650 | 0 |
_aDivored mothers _zUnited States _xPsychology. |
|
| 650 | 0 |
_aDivorced mothers _zUnited States _xSocial conditions. |
|
| 650 | 0 | _aSeparation (Psychology) | |
| 830 | 0 | _aPerspectives on gender (New York, N.Y.) | |
| 856 | 4 | 2 |
_3Publisher description _uhttp://www.loc.gov/catdir/enhancements/fy0651/95008486-d.html |
| 942 |
_cBB _k306.89082KUR |
||
| 999 |
_c9511 _d9511 |
||